BUSINESS adventures a selection of classic business and economy articles
Salvato in:
| Natura: | Libro |
|---|---|
| Lingua: | inglese |
| Pubblicazione: |
The Stone Press Publishers
2001.
|
| Tags: |
Aggiungi Tag
Nessun Tag, puoi essere il primo ad aggiungerne!!
|
MARC
| LEADER | 00000nam a22000007a 4500 | ||
|---|---|---|---|
| 008 | 210426b ||||| |||| 00| 0 eng d | ||
| 020 | |a 978-32594-1-5 | ||
| 245 | |a BUSINESS adventures |b a selection of classic business and economy articles |g ix, 195p. | ||
| 250 | |c Joseph Sesebo and Nik Ogbulie | ||
| 260 | |b The Stone Press Publishers |c 2001. |h Lagos |i 684069 |l HF5351 .B96 |m Business people - Nigeria. |m Corporations - Nigeria. |m Stock exchange - Nigeria. | ||
| 942 | |a lcc |c BK |e Ogunmilade, F.T. |f 26/04/2021 | ||
| 952 | |0 0 |1 0 |2 lcc |4 0 |6 HF5351 B96 |7 0 |9 2321 |a HOL |b HOL |c GJ |d 2021-04-26 |l 0 |o HF5351 .B96 |p 2021-6175 |r 2021-04-26 00:00:00 |w 2021-04-26 |y BK | ||
| 999 | |c 1195 |d 1195 | ||